| 000 | 01467cam a2200409 a 4500 | ||
|---|---|---|---|
| 001 | 9222294 | ||
| 003 | OSt | ||
| 005 | 20180117090006.0 | ||
| 008 | 110506s2012 enka b 001 0 eng | ||
| 010 | _a 2011018290 | ||
| 020 | _a9780415609654 (hardback : alk. paper) | ||
| 020 | _a0415609658 (hardback : alk. paper) | ||
| 020 | _a9780415609661 (pbk. : alk. paper) | ||
| 020 | _a0415609666 (pbk. : alk. paper) | ||
| 020 | _a9780203357255 (ebook) | ||
| 020 | _a0203357256 (ebook) | ||
| 024 | _a99946815228 | ||
| 035 | _a(OCoLC)ocn722452072 | ||
| 035 |
_a(OCoLC)722452072 _z(OCoLC)720599128 |
||
| 035 | _a(NNC)9222294 | ||
| 040 |
_aDLC _cDLC _dYDX _dYDXCP _dCDX |
||
| 050 | 0 | 0 |
_aP91.3 _b.H35 2012 |
| 082 | 0 | 0 |
_a302.23 _223 |
| 245 | 0 | 2 |
_aA handbook of media and communication research : _bqualitative and quantitative methodologies / _cedited by Klaus Bruhn Jensen. |
| 250 | _a2nd ed. | ||
| 260 |
_aAbingdon, Oxon ; _aNew York : _bRoutledge, _c2012. |
||
| 300 |
_axii, 431 p. : _bill. ; _c25 cm. |
||
| 504 | _aIncludes bibliographical references and index. | ||
| 650 | 0 |
_aMass media _xResearch _xMethodology. |
|
| 650 | 0 |
_aHumanities _xMethodology. |
|
| 650 | 0 |
_aSocial sciences _xMethodology. |
|
| 700 | 1 | _aJensen, Klaus Bruhn. | |
| 942 |
_2ddc _cBK |
||
| 948 | 1 |
_a20120224 _bc _csds12 _dMPS |
|
| 999 |
_c3442 _d3442 |
||